Existentials and Locatives in Romance Dialects of Italy (Record no. 93443)

MARC details
000 -LEADER
fixed length control field 02138nam a2200253Ii 4500
008 - FIXED-LENGTH DATA ELEMENTS--GENERAL INFORMATION
fixed length control field 221202s xx 000 0 und d
100 1# - MAIN ENTRY--PERSONAL NAME
Personal name Bentley, Delia,
Relator term author
245 #0 - TITLE STATEMENT
Title Existentials and Locatives in Romance Dialects of Italy
264 #1 - PRODUCTION, PUBLICATION, DISTRIBUTION, MANUFACTURE, AND COPYRIGHT NOTICE
Place of production, publication, distribution, manufacture Oxford, UK
Name of producer, publisher, distributor, manufacturer Oxford University Press
Date of production, publication, distribution, manufacture, or copyright notice 2015
300 ## - PHYSICAL DESCRIPTION
Extent 1 online resource (320 pages)
336 ## - CONTENT TYPE
Content type term text
Content type code txt
Source rdacontent
337 ## - MEDIA TYPE
Media type term computer
Media type code c
Source rdamedia
338 ## - CARRIER TYPE
Carrier type term online resource
Carrier type code cr
Source rdacarrier
520 ## - SUMMARY, ETC.
Summary, etc. This volume provides the first ever large-scale comparative treatment of there sentences (there copula NP), reporting the results of a survey of Italo-Romance and Sardinian dialects of Italy. The volume comprises detailed discussions of focus structure, predication and argument realization, the definiteness effects, and the linking from semantics to syntax in there sentences, advancing novel proposals in each case. The testing of influential hypotheses on existential constructions against first-hand dialect evidence leads the book to argue that existential and locative there sentences differ in focus structure and semantics, although their not being predicate focus constructions and the non-canonicality of the predicate-which is typically referential-is reflected in their shared morphosyntactic features. The hypothesis that the pivot is the predicate of the existential construction is adopted in the analysis, although a distinction is drawn between referential and non-referential pivots, which explains variation in pivot behaviour in morphosyntax. The volume also provides the historical background of Romance there sentences, relying on the findings of the analysis of a substantial corpus of early Italo-Romance vernacular texts.
653 ## - INDEX TERM--UNCONTROLLED
Uncontrolled term Existential
653 ## - INDEX TERM--UNCONTROLLED
Uncontrolled term Locative
653 ## - INDEX TERM--UNCONTROLLED
Uncontrolled term Role And Reference Grammar
653 ## - INDEX TERM--UNCONTROLLED
Uncontrolled term Sardinian
653 ## - INDEX TERM--UNCONTROLLED
Uncontrolled term There-Sentences
700 1# - ADDED ENTRY--PERSONAL NAME
Personal name Ciconte, Francesco Maria
700 1# - ADDED ENTRY--PERSONAL NAME
Personal name Cruschina, Silvio
856 ## - ELECTRONIC LOCATION AND ACCESS
Uniform Resource Identifier <a href="https://docs.google.com/spreadsheets/d/1yKIrdCPDAG_9c22mwoOIO2DOhtj65Wqa/edit?usp=sharing&ouid=106555315294820607512&rtpof=true&sd=true ">https://docs.google.com/spreadsheets/d/1yKIrdCPDAG_9c22mwoOIO2DOhtj65Wqa/edit?usp=sharing&ouid=106555315294820607512&rtpof=true&sd=true </a>
Link text List of Curated E-Books
942 ## - ADDED ENTRY ELEMENTS (KOHA)
Koha item type E-Book

No items available.

University of Rizal System
Email us at univlibservices@urs.edu.ph

Visit our Website www.urs.edu.ph/library